Angyali Anna [novella] /
Elmentve itt :
| Szerző: | |
|---|---|
| Dokumentumtípus: | Cikk |
| Megjelent: |
2015
|
| Sorozat: | Tiszatáj
69 No. 1 |
| Kulcsszavak: | Magyar irodalom - novella |
| Online Access: | http://tiszataj.bibl.u-szeged.hu/22362 |
| LEADER | 00570nab a2200181 i 4500 | ||
|---|---|---|---|
| 001 | tisza22362 | ||
| 005 | 20200331094743.0 | ||
| 008 | 170227s2015 hu o 0|| hun d | ||
| 022 | |a 0133-1167 | ||
| 040 | |a SZTE Tiszatáj Archívum |b hun | ||
| 041 | |a hun | ||
| 100 | 1 | |a Kiss László | |
| 245 | 1 | 0 | |a Angyali Anna |h [elektronikus dokumentum] : |b [novella] / |c Kiss László |
| 260 | |c 2015 | ||
| 300 | |a 8-16 | ||
| 490 | 0 | |a Tiszatáj |v 69 No. 1 | |
| 695 | |a Magyar irodalom - novella | ||
| 856 | 4 | 0 | |u http://tiszataj.bibl.u-szeged.hu/22362/1/tiszataj_2015_001_008-016.pdf |z Dokumentum-elérés |